Á lódáil...
Agricultural development in India
| Príomhúdar: | |
|---|---|
| Formáid: | Printed Book |
| Teanga: | Undetermined English |
| Foilsithe: |
New Delhi
Classical Publishing
1986
|
| Ábhair: |
| LEADER | 00561nam a2200169Ia 4500 | ||
|---|---|---|---|
| 008 | 140306s9999 xx 000 0 und d | ||
| 041 | |a eng | ||
| 082 | |a 338.1 |b LEK/AG | ||
| 100 | |a Lekhi, R K | ||
| 245 | |a Agricultural development in India | ||
| 260 | |a New Delhi |b Classical Publishing |c 1986 | ||
| 300 | |a 192 | ||
| 365 | |b Rs .140.00 | ||
| 650 | |a Agricultural economics | ||
| 942 | |2 ddc |c BK | ||
| 999 | |c 112640 |d 112640 | ||
| 952 | |0 0 |1 0 |2 ddc |4 0 |6 338_100000000000000_LEKAG |7 0 |9 110425 |a KAUHCV |b KAUHCV |d 2004-04-06 |g 140.00 |o 338.1 LEK/AG |p KAU_HCV-22132 |r 2014-03-22 |w 2014-03-22 |y BK | ||